000 00985cam a2200277 a 4500
999 _c126604
_d126604
001 14318387
003 ARRUPE
005 20170809120226.0
008 060328s2005 rh 000 0 eng
010 _a 2006318107
020 _a0797430326
040 _aDLC
_cDLC
_dDLC
042 _alcode
043 _af-rh---
050 0 0 _aKTZ112.2
_b.Z43 2005
100 1 _aZhangazha, Witness Paridzirai.
_934663
245 1 2 _aA user's guide to Copyright Law in Zimbabwe /
_cby National Arts Council of Zimbabwe.
250 _a1st ed.
260 _aHarare :
_bNational Arts Council of Zimbabwe,
_c2005.
300 _av, 48 p. ;
_c21 cm.
500 _a"This user's guide was written by Witness Paridzirai Zhangazha"--P. 4 of cover.
650 0 _aCopyright
_zZimbabwe.
_934664
710 2 _aNational Arts Council of Zimbabwe.
_934665
906 _a7
_bcbc
_corigode
_d3
_encip
_f20
_gy-gencatlg
942 _2lcc
_cMONOGRAPH